[Event "1st Gujarat GM Open 2018"]
[Site "Ahmedabad"]
[Date "2018.10.07"]
[Round "3"]
[White "Audi Ameya"]
[Black "Anusha N L V"]
[Result "0-1"]
[WhiteElo "2375"]
[BlackElo "1985"]
[Annotator "NA"]
[PlyCount "55"]
[EventDate "2018.10.05"]
[EventType "swiss"]
[EventCountry "IND"]
[SourceTitle "playchess.com"]
[Source "ChessBase"]
[SourceQuality "1"]
[TimeControl "5400+30"]

1. e4 {[%emt 0:00:24]} c6 {[%emt 0:00:00]} 2. d4 {[%emt 0:00:05]} d5 {[%emt 0:00:00]} 3. exd5 {[%emt 0:00:03]} cxd5 {[%emt 0:00:05]} 4. c4 {[%emt 0:00:05]} Nf6 {[%emt 0:00:34]} 5. Nc3 {[%emt 0:00:11]} Nc6 {[%emt 0:00:14]} 6. Bg5 {[%emt 0:00:04]} Be6 {[%emt 0:00:48]} 7. a3 {[%emt 0:00:54]} Qd7 {[%emt 0:02:23]} 8. Nf3 {[%emt 0:02:30]} Rd8 {[%emt 0:07:25]} 9. c5 {[%emt 0:06:09]} Ne4 {[%emt 0:03:37]} 10. Be3 {[%emt 0:01:51]} g6 {[%emt 0:02:36]} 11. Bb5 {[%emt 0:07:43]} Bg7 {[%emt 0:08:39]} 12. Ne5 {[%emt 0:01:25]} Bxe5 {[%emt 0:10:16]} 13. dxe5 {[%emt 0:00:46]} d4 {[%emt 0:03:21]} 14. Nxe4 {[%emt 0:00:10]} dxe3 {[%emt 0:00:11]} 15. f4 {[%emt 0:23:12]} Qc7 {[%emt 0:07:58]} 16. Qa4 {[%emt 0:24:21]} O-O {[%emt 0:16:36]} 17. Bxc6 {[%emt 0:00:24]} bxc6 {[%emt 0:03:13]} 18. O-O {[%emt 0:00:46]} Rd3 {[%emt 0:02:11]} 19. Qc2 {[%emt 0:15:35]} Rfd8 {[%emt 0:02:14]} 20. Rfd1 {[%emt 0:00:02]} Rxd1+ {[%emt 0:06:25]} 21. Rxd1 {[%emt 0:00:46]} Bf5 {[%emt 0:00:39]} 22. Re1 {[%emt 0:03:29]} Rd4 {[%emt 0:04:22]} 23. Rxe3 {[%emt 0:00:09]} Qd7 {[%emt 0:00:15]} 24. h3 {[%emt 0:06:09]} Qd5 {[%emt 0:00:59]} 25. Nf6+ {[%emt 0:00:09]} exf6 {[%emt 0:00:09]} 26. exf6 {[%emt 0:00:02]} h6 {[%emt 0:01:12]} 27. Re8+ {[%emt 0:01:01]} Kh7 {[%emt 0:00:07]} 28. Re7 {[%emt 0:00:18]} 0-1

[Event "1st Gujarat GM Open 2018"]
[Site "Ahmedabad"]
[Date "2018.10.07"]
[Round "3"]
[White "Rathanvel, V S"]
[Black "Amonatov, Farrukh"]
[Result "0-1"]
[WhiteElo "2341"]
[BlackElo "2615"]
[Annotator "TA"]
[PlyCount "124"]
[EventDate "2018.10.05"]
[EventType "swiss"]
[EventCountry "IND"]
[SourceTitle "playchess.com"]
[Source "ChessBase"]
[SourceQuality "1"]

{[%evp 19,124,41,46,27,33,26,21,0,4,0,0,-9,0,0,16,21,14,14,10,-27,-24,-30,-27,-34,-35,-39,-18,-15,-17,-24,-34,-10,0,0,0,-38,-16,-49,-9,-98,-4,-49,0,0,0,0,0,0,0,-16,0,0,0,0,86,2,112,128,92,80,275,260,259,262,260,248,269,275,368,355,346,300,454,377,472,454,410,430,525,482,583,536,527,512,438,493,449,430,382,339,533,0,0,0,0,0,313,-228,-147,-71,-120,-12839,-12839,-12841,-12842,-12842,-12843]} 1. e4 c5 2. Nf3 d6 3. d4 cxd4 4. Nxd4 Nf6 5. Nc3 a6 6. h3 e5 7. Nde2 h5 {B90: Sicilian Najdorf: Unusual White 6th moves, 6 Be3 Ng4 and 6 Be3 e5} (7... b5 8. Ng3 Nbd7 9. Bg5 h6 10. Be3 Bb7 11. Bd3 h5 12. Bg5 g6 13. O-O Be7 14. a3 h4 15. Nge2 Nc5 16. Bxf6 Bxf6 {1-0 (48) Dominguez Perez,L (2739)-Vachier Lagrave,M (2779) chess.com INT 2018}) 8. Bg5 Be7 9. Ng3 g6 10. Bc4 Nbd7 {LiveBook: 11 Games} 11. O-O b5 12. Bb3 Bb7 13. Bxf6 $146 ({Predecessor:} 13. Re1 Rc8 14. Qf3 b4 15. Na4 {1-0 (36) Sivuk,V (2423)-Raznikov,D (2354) Petah Tiqwa 2010}) 13... Nxf6 14. Re1 Rc8 15. Qd3 O-O 16. a3 Rc5 17. Nf1 Qd7 18. Ne3 Rfc8 19. Re2 {[#]} (19. f3 {keeps more tension.} Qd8 20. Red1 Bc6 21. Qe2 Rb8 22. Rd3) 19... Rxc3 $1 {[%mdl 512]} 20. bxc3 Bxe4 21. Qd2 Rc5 22. c4 bxc4 23. Nxc4 Bb7 24. Rb1 Kg7 25. Ba2 $1 Rd5 26. Qe1 {Black must now prevent Nb6.} Rc5 27. Qd2 Bc6 {[%mdl 1024] Strongly threatening ...Qe6. Black has compensation.} 28. Nb6 Qc7 (28... Qf5 $5 {[%cal Rf6e4]} 29. c4 h4 $11) 29. c4 $1 Bd8 (29... d5 $1 $17) 30. Ree1 Nd7 31. Nxd7 $1 Qxd7 32. Red1 $36 {[%mdl 2048] White has some pressure.} Bc7 33. Qe3 {Qxc5! is the strong threat.} Qe7 34. Bb3 {[%cal Ba2b3,Bb3c2,Bc2d3,Bd3a6][%mdl 32]} Qf6 35. Bc2 Rxc4 36. Bd3 Rc5 (36... Rc3 $11 37. Rdc1 Ba5) 37. Rdc1 ({White should try} 37. Bxa6 $16 Bd8 38. Rdc1) 37... e4 (37... Bb5 $1 $11) 38. Bxa6 $16 Qe5 39. Bb7 Qd5 $2 (39... Bxb7 $16 40. Rxb7 Rxc1+ 41. Qxc1 Ba5) 40. Rxc5 $18 dxc5 41. Bxc6 Qxc6 {[%mdl 4096] Endgame KQR-KQB} 42. Re1 f5 43. Qc3+ Kf7 44. Qc4+ Kf6 45. Rd1 Be5 (45... h4 $142 46. Rd5 Bb6) 46. Rd5 Bd6 47. a4 Qb6 {Hoping for ...Qb1+.} 48. Rd1 Be5 49. Qb5 $1 {[%cal Rb5b6]} Qe6 50. Qxc5 Qb3 {[%cal Rb3d1]} 51. Qc6+ Kg5 {[%cal Rb3d1]} 52. Qc1+ Bf4 53. h4+ Kg4 54. Qa1 e3 (54... Kxh4 {was necessary.} 55. Rf1 Kg5) 55. f3+ $2 ({Better is} 55. Qd4 $18) 55... Kxh4 $11 {aiming for ...e2.} 56. Rd4 Kg5 {And now ...e2 would win.} 57. Rxf4 $1 (57. Qe1 $2 e2 $1 $19 {[%mdl 512]}) 57... e2 $2 {[%mdl 8192]} (57... Kxf4 $11 {and Black is okay.} 58. Qd4+ Kg5) 58. Rxf5+ $4 {[%mdl 8192]} ({But not} 58. Kf2 $2 Qd1 $19) (58. Qe5 $1 $18 {Threatening mate with Rg4+!} e1=Q+ 59. Qxe1 Kxf4 60. a5) 58... Kxf5 $19 ({Inferior is} 58... gxf5 59. Qg7+ Kf4 60. Qd4+ Kg5 61. Qg7+ Kf4 62. Qd4+ Kg5 63. Kf2 $16) 59. Qe1 Qe3+ ({Much worse is} 59... Qxa4 60. Qxe2 Kf6 61. Qb2+ Kf7 62. Qb7+ Kf6 63. Qb6+ Kf7 64. Qd6 $11) 60. Kh1 $2 {[%mdl 8192]} (60. Kh2 $17) 60... Qd3 {( -> ...Qd1). Black is clearly winning.} 61. Kg1 {[#]} Qd4+ $1 62. Kh2 {[#]} Qd1 $1 {Precision: White = 67%, Black = 54%.} 0-1

[Event "1st Gujarat GM Open 2018"]
[Site "Ahmedabad"]
[Date "2018.10.07"]
[Round "3"]
[White "Sidhant, Mohapatra"]
[Black "Satkar, Chirag"]
[Result "1-0"]
[WhiteElo "2341"]
[BlackElo "2089"]
[Annotator "NA"]
[PlyCount "129"]
[EventDate "2018.10.05"]
[EventType "swiss"]
[EventCountry "IND"]
[SourceTitle "playchess.com"]
[Source "ChessBase"]
[SourceQuality "1"]
[TimeControl "5400+30"]

1. e4 {[%emt 0:00:11]} e5 {[%emt 0:00:00]} 2. Nf3 {[%emt 0:00:31]} Nc6 {[%emt 0:00:06]} 3. Bc4 {[%emt 0:00:33]} Nf6 {[%emt 0:00:40]} 4. d3 {[%emt 0:00:07]} h6 {[%emt 0:00:00]} 5. c3 {[%emt 0:01:32]} d6 {[%emt 0:07:37]} 6. a4 {[%emt 0:00:58]} g6 {[%emt 0:10:35]} 7. a5 a6 {[%emt 0:04:09]} 8. Qb3 {[%emt 0:13:23]} Qe7 {[%emt 0:00:59]} 9. Nbd2 {[%emt 0:00:35]} Bg7 {[%emt 0:00:22]} 10. Nf1 {[%emt 0:01:15]} O-O {[%emt 0:01:33]} 11. Ng3 {[%emt 0:00:58]} Rb8 {[%emt 0:14:12]} 12. O-O {[%emt 0:07:12]} Bg4 {[%emt 0:12:13]} 13. Nh4 {[%emt 0:01:42]} Kh7 {[%emt 0:01:33]} 14. h3 {[%emt 0:00:37]} Be6 {[%emt 0:12:29]} 15. Bxe6 {[%emt 0:05:18]} Qxe6 {[%emt 0:00:50]} 16. Qxe6 {[%emt 0:00:38]} fxe6 {[%emt 0:00:02]} 17. Nf3 {[%emt 0:00:41]} Nd7 {[%emt 0:00:44]} 18. b4 {[%emt 0:00:20]} Rfd8 {[%emt 0:07:35]} 19. Bd2 {[%emt 0:01:49]} d5 {[%emt 0:05:17]} 20. Rfb1 {[%emt 0:01:35]} Na7 {[%emt 0:01:54]} 21. Be3 {[%emt 0:09:54]} Nb5 {[%emt 0:01:22]} 22. Ne2 {[%emt 0:01:56]} dxe4 {[%emt 0:04:37]} 23. dxe4 {[%emt 0:00:27]} Nf6 {[%emt 0:00:17]} 24. Nd2 {[%emt 0:02:36]} Rd3 {[%emt 0:01:15]} 25. c4 {[%emt 0:00:33]} Nd4 {[%emt 0:02:32]} 26. Nc1 {[%emt 0:02:31]} Rc3 {[%emt 0:00:58]} 27. b5 {[%emt 0:03:24]} Rd8 {[%emt 0:03:46]} 28. bxa6 {[%emt 0:01:10]} bxa6 {[%emt 0:00:07]} 29. Na2 {[%emt 0:00:07]} Ra3 {[%emt 0:00:36]} 30. Nb4 {[%emt 0:00:07]} Rxa1 {[%emt 0:04:13]} 31. Rxa1 {[%emt 0:00:01]} Ra8 {[%emt 0:00:36]} 32. Bxd4 {[%emt 0:00:43]} exd4 {[%emt 0:00:03]} 33. Nc6 {[%emt 0:00:12]} Nd7 {[%emt 0:00:46]} 34. Rb1 {[%emt 0:00:35]} Nc5 {[%emt 0:00:41]} 35. f3 {[%emt 0:00:50]} e5 {[%emt 0:02:03]} 36. Nb3 {[%emt 0:00:52]} Na4 {[%emt 0:00:24]} 37. Nc1 {[%emt 0:00:26]} Nc5 {[%emt 0:00:20]} 38. Kf2 {[%emt 0:01:38]} Kg8 {[%emt 0:00:21]} 39. Ke2 {[%emt 0:00:06]} Kf7 {[%emt 0:00:21]} 40. Nd3 {[%emt 0:00:03]} Kg8 {[%emt 0:00:39]} 41. Nc1 {[%emt 0:00:57]} Kf7 {[%emt 0:00:21]} 42. Nd3 Nd7 {[%emt 0:00:59]} 43. Rb7 {[%emt 0:00:39]} Ke6 {[%emt 0:00:36]} 44. c5 {[%emt 0:01:14]} Bf8 {[%emt 0:00:40]} 45. Rxc7 {[%emt 0:00:06]} Bxc5 {[%emt 0:00:21]} 46. Ncxe5 {[%emt 0:00:23]} Bd6 {[%emt 0:00:32]} 47. Rxd7 {[%emt 0:00:06]} Bxe5 {[%emt 0:00:08]} 48. Nxe5 {[%emt 0:00:03]} Kxe5 {[%emt 0:00:21]} 49. Rd5+ {[%emt 0:00:03]} Ke6 {[%emt 0:00:12]} 50. Rxd4 {[%emt 0:00:04]} Rb8 {[%emt 0:00:11]} 51. Rd5 {[%emt 0:00:33]} Rb2+ {[%emt 0:00:19]} 52. Kf1 {[%emt 0:00:02]} Ra2 {[%emt 0:00:26]} 53. h4 {[%emt 0:00:04]} Ra1+ {[%emt 0:00:19]} 54. Kf2 {[%emt 0:00:04]} Ra2+ {[%emt 0:00:05]} 55. Kg3 {[%emt 0:00:04]} Ra3 {[%emt 0:00:23]} 56. Kf4 {[%emt 0:00:27]} Ra2 {[%emt 0:00:27]} 57. g3 {[%emt 0:00:05]} Ra3 {[%emt 0:00:24]} 58. Kg4 {[%emt 0:00:44]} Rb3 {[%emt 0:00:31]} 59. h5 {[%emt 0:00:11]} g5 {[%emt 0:00:11]} 60. Rd8 {[%emt 0:00:03]} Rb5 {[%emt 0:00:16]} 61. Rh8 {[%emt 0:00:04]} Rxa5 {[%emt 0:00:23]} 62. Rxh6+ {[%emt 0:00:04]} Kf7 {[%emt 0:00:11]} 63. Rb6 {[%emt 0:00:05]} Kg7 {[%emt 0:00:35]} 64. Rg6+ {[%emt 0:00:24]} Kh7 {[%emt 0:00:07]} 65. Rb6 {[%emt 0:00:12]} 1-0

[Event "1st Gujarat GM Open 2018"]
[Site "Ahmedabad"]
[Date "2018.10.07"]
[Round "3"]
[White "Mohammad Minhaz Uddin"]
[Black "Bhatt, Jalpan"]
[Result "1-0"]
[WhiteElo "2328"]
[BlackElo "1983"]
[Annotator "NA"]
[PlyCount "165"]
[EventDate "2018.10.05"]
[EventType "swiss"]
[EventCountry "IND"]
[SourceTitle "playchess.com"]
[Source "ChessBase"]
[SourceQuality "1"]
[TimeControl "5400+30"]

1. e4 {[%emt 0:00:00]} c5 {[%emt 0:00:28]} 2. Nf3 {[%emt 0:00:00]} g6 {[%emt 0:01:35]} 3. c3 {[%emt 0:05:28]} Bg7 {[%emt 0:00:30]} 4. d4 {[%emt 0:00:15]} cxd4 {[%emt 0:00:02]} 5. cxd4 {[%emt 0:00:12]} d5 {[%emt 0:00:06]} 6. exd5 {[%emt 0:02:50]} Nf6 {[%emt 0:00:06]} 7. Nc3 {[%emt 0:00:07]} O-O {[%emt 0:03:03]} 8. Bc4 {[%emt 0:01:41]} Nbd7 {[%emt 0:00:48]} 9. O-O {[%emt 0:01:36]} Nb6 {[%emt 0:00:04]} 10. Bb3 {[%emt 0:00:09]} Nbxd5 {[%emt 0:01:18]} 11. Re1 {[%emt 0:00:36]} Be6 {[%emt 0:22:17]} 12. Rxe6 {[%emt 0:14:37]} fxe6 {[%emt 0:01:35]} 13. Ng5 {[%emt 0:00:04]} Qb6 {[%emt 0:12:28]} 14. Qe2 {[%emt 0:03:17]} Nc7 {[%emt 0:06:06]} 15. Bf4 {[%emt 0:20:49]} Nfd5 {[%emt 0:02:21]} 16. Nxd5 {[%emt 0:00:23]} exd5 {[%emt 0:09:14]} 17. Bxc7 {[%emt 0:03:29]} Qxc7 {[%emt 0:00:04]} 18. Bxd5+ {[%emt 0:02:52]} Kh8 {[%emt 0:01:10]} 19. Nf7+ {[%emt 0:00:15]} Rxf7 {[%emt 0:02:07]} 20. Bxf7 {[%emt 0:00:04]} Rf8 {[%emt 0:00:24]} 21. Bd5 {[%emt 0:00:12]} Bxd4 {[%emt 0:00:59]} 22. Bf3 {[%emt 0:02:15]} e5 {[%emt 0:08:16]} 23. Rd1 {[%emt 0:01:57]} Qc5 {[%emt 0:01:22]} 24. g3 {[%emt 0:04:47]} Qb6 {[%emt 0:02:53]} 25. Rd2 {[%emt 0:04:38]} Rf7 {[%emt 0:01:40]} 26. Kg2 {[%emt 0:00:19]} Qf6 {[%emt 0:00:29]} 27. h4 {[%emt 0:04:13]} Kg7 {[%emt 0:03:27]} 28. Rc2 {[%emt 0:01:57]} Qb6 {[%emt 0:06:18]} 29. b3 {[%emt 0:02:24]} Rc7 {[%emt 0:01:53]} 30. Be4 {[%emt 0:01:27]} Rf7 {[%emt 0:00:46]} 31. Bf3 {[%emt 0:01:00]} Rc7 {[%emt 0:00:09]} 32. Rd2 {[%emt 0:00:11]} Rf7 {[%emt 0:00:38]} 33. Qe4 {[%emt 0:00:28]} Qf6 {[%emt 0:02:24]} 34. Qd5 {[%emt 0:01:34]} Qf5 {[%emt 0:01:41]} 35. Re2 {[%emt 0:04:47]} Rd7 {[%emt 0:03:21]} 36. Qc4 Qf7 {[%emt 0:00:46]} 37. Qb5 {[%emt 0:03:40]} Re7 {[%emt 0:01:20]} 38. Be4 {[%emt 0:01:38]} b6 {[%emt 0:00:32]} 39. Qd3 {[%emt 0:03:02]} Rc7 {[%emt 0:02:26]} 40. Rd2 {[%emt 0:01:20]} Qf6 {[%emt 0:02:02]} 41. Qe2 {[%emt 0:00:17]} Rf7 {[%emt 0:00:14]} 42. Rc2 {[%emt 0:00:18]} Qd6 {[%emt 0:00:26]} 43. Bf3 {[%emt 0:01:49]} Rc7 {[%emt 0:00:06]} 44. Rd2 {[%emt 0:00:07]} Qf6 {[%emt 0:00:06]} 45. h5 {[%emt 0:00:40]} gxh5 {[%emt 0:01:40]} 46. Bxh5 {[%emt 0:00:15]} Qc6+ {[%emt 0:00:44]} 47. Bf3 {[%emt 0:00:57]} Qf6 {[%emt 0:00:02]} 48. Rd1 {[%emt 0:01:20]} Rf7 {[%emt 0:00:29]} 49. Rh1 {[%emt 0:00:29]} Qf5 {[%emt 0:00:54]} 50. Rh4 {[%emt 0:00:18]} h6 {[%emt 0:00:36]} 51. Re4 {[%emt 0:02:26]} Rf6 {[%emt 0:00:31]} 52. Rg4+ {[%emt 0:01:18]} Kf8 {[%emt 0:00:22]} 53. Rh4 {[%emt 0:00:26]} Kg7 {[%emt 0:00:22]} 54. Rh5 {[%emt 0:01:44]} Qg6 {[%emt 0:00:21]} 55. Rh4 {[%emt 0:01:47]} Qf5 {[%emt 0:00:04]} 56. Re4 {[%emt 0:00:07]} Rf7 {[%emt 0:01:20]} 57. Qd3 {[%emt 0:00:56]} Rf6 {[%emt 0:00:21]} 58. Rg4+ {[%emt 0:00:50]} Kf8 {[%emt 0:00:12]} 59. Qd1 {[%emt 0:01:46]} Rg6 {[%emt 0:00:47]} 60. Rxg6 {[%emt 0:00:29]} Qxg6 {[%emt 0:00:01]} 61. Qc1 {[%emt 0:00:27]} Qf6 {[%emt 0:01:05]} 62. Qc7 {[%emt 0:00:33]} a5 {[%emt 0:00:31]} 63. Qc2 {[%emt 0:00:19]} Bc5 {[%emt 0:00:32]} 64. Qe2 {[%emt 0:00:53]} Bd4 {[%emt 0:00:08]} 65. Be4 {[%emt 0:00:05]} Kg7 {[%emt 0:00:43]} 66. Qg4+ {[%emt 0:00:14]} Kf8 {[%emt 0:00:27]} 67. Qc8+ {[%emt 0:00:20]} Ke7 {[%emt 0:00:44]} 68. f3 {[%emt 0:00:51]} Qg5 {[%emt 0:00:33]} 69. Bd5 {[%emt 0:00:53]} Qf6 {[%emt 0:00:29]} 70. Bc6 {[%emt 0:00:45]} Qd6 {[%emt 0:00:31]} 71. Qe8+ {[%emt 0:00:13]} Kf6 {[%emt 0:00:05]} 72. Be4 {[%emt 0:00:21]} Qe6 {[%emt 0:00:52]} 73. Qf8+ {[%emt 0:00:10]} Qf7 {[%emt 0:00:19]} 74. Qxh6+ {[%emt 0:00:03]} Ke7 {[%emt 0:00:04]} 75. Qc6 {[%emt 0:01:03]} Qe6 {[%emt 0:00:29]} 76. Qa8 {[%emt 0:00:15]} Qh6 {[%emt 0:00:48]} 77. Qb7+ {[%emt 0:00:24]} Kd8 {[%emt 0:00:28]} 78. Qd5+ {[%emt 0:01:04]} Ke7 {[%emt 0:00:10]} 79. Qb7+ {[%emt 0:00:42]} Kd8 {[%emt 0:00:01]} 80. Bf5 {[%emt 0:00:21]} Qd2+ {[%emt 0:00:09]} 81. Kh3 {[%emt 0:00:03]} Qh6+ {[%emt 0:00:52]} 82. Kg4 {[%emt 0:00:10]} Qf6 {[%emt 0:00:35]} 83. Qd7# {[%emt 0:00:03]} 1-0

[Event "1st Gujarat GM Open 2018"]
[Site "Ahmedabad"]
[Date "2018.10.07"]
[Round "3"]
[White "Wagh Suyog"]
[Black "Soham Datar"]
[Result "1/2-1/2"]
[WhiteElo "2312"]
[BlackElo "2060"]
[Annotator "NA"]
[PlyCount "171"]
[EventDate "2018.10.05"]
[EventType "swiss"]
[EventCountry "IND"]
[SourceTitle "playchess.com"]
[Source "ChessBase"]
[SourceQuality "1"]
[TimeControl "5400+30"]

1. d4 {[%emt 0:00:00]} d5 {[%emt 0:00:00]} 2. c4 {[%emt 0:02:02]} c6 {[%emt 0:00:07]} 3. Nf3 {[%emt 0:00:13]} Nf6 {[%emt 0:00:06]} 4. e3 {[%emt 0:09:18]} Bf5 {[%emt 0:00:34]} 5. Nc3 {[%emt 0:02:46]} e6 {[%emt 0:00:28]} 6. Bd3 {[%emt 0:08:06]} Bxd3 {[%emt 0:01:17]} 7. Qxd3 {[%emt 0:00:05]} Nbd7 {[%emt 0:00:50]} 8. O-O {[%emt 0:02:02]} Bb4 {[%emt 0:00:16]} 9. Bd2 {[%emt 0:00:22]} Bxc3 {[%emt 0:02:50]} 10. Bxc3 {[%emt 0:01:16]} Ne4 {[%emt 0:00:00]} 11. Bd2 Nef6 12. Bc3 {[%emt 0:01:00]} Ne4 {[%emt 0:02:50]} 13. Bb4 {[%emt 0:06:25]} Qb6 {[%emt 0:00:42]} 14. Ba3 {[%emt 0:17:45]} Qa6 {[%emt 0:02:56]} 15. Rfc1 {[%emt 0:03:51]} Nb6 {[%emt 0:02:45]} 16. Ne5 {[%emt 0:01:10]} f6 {[%emt 0:14:07]} 17. cxd5 {[%emt 0:02:29]} Qxd3 {[%emt 0:00:28]} 18. Nxd3 {[%emt 0:00:06]} exd5 {[%emt 0:00:50]} 19. f3 {[%emt 0:07:10]} Ng5 {[%emt 0:00:41]} 20. Nc5 {[%emt 0:01:23]} O-O-O {[%emt 0:01:10]} 21. b3 {[%emt 0:05:39]} Rhe8 {[%emt 0:02:23]} 22. Kf2 {[%emt 0:01:34]} Ne6 {[%emt 0:02:34]} 23. Nd3 {[%emt 0:00:04]} Kb8 {[%emt 0:02:33]} 24. Bb4 {[%emt 0:01:42]} Nc8 {[%emt 0:02:04]} 25. Rh1 {[%emt 0:07:57]} Rd7 {[%emt 0:03:06]} 26. Rae1 {[%emt 0:01:54]} b6 {[%emt 0:04:51]} 27. Rc1 {[%emt 0:00:37]} Kb7 {[%emt 0:00:12]} 28. Rc2 {[%emt 0:00:12]} a5 {[%emt 0:00:36]} 29. Ba3 {[%emt 0:03:18]} Na7 {[%emt 0:00:11]} 30. Rhc1 {[%emt 0:00:55]} Rc8 {[%emt 0:01:56]} 31. Bb2 {[%emt 0:00:36]} Nb5 {[%emt 0:07:17]} 32. a4 {[%emt 0:01:24]} Na7 {[%emt 0:00:38]} 33. Ba3 {[%emt 0:02:33]} Ra8 {[%emt 0:02:34]} 34. Kf1 {[%emt 0:03:34]} Re8 {[%emt 0:00:37]} 35. Kf2 {[%emt 0:00:01]} Ra8 {[%emt 0:00:38]} 36. g3 {[%emt 0:00:38]} g5 {[%emt 0:03:34]} 37. Rh1 {[%emt 0:02:34]} Rg7 {[%emt 0:00:36]} 38. h4 {[%emt 0:00:40]} g4 {[%emt 0:01:53]} 39. f4 {[%emt 0:00:34]} Rd7 {[%emt 0:02:40]} 40. h5 {[%emt 0:00:38]} h6 {[%emt 0:01:33]} 41. Rh4 {[%emt 0:02:39]} Rg8 {[%emt 0:01:35]} 42. Rc1 {[%emt 0:00:29]} Ka8 {[%emt 0:00:34]} 43. Ke2 {[%emt 0:01:05]} Rb7 {[%emt 0:02:04]} 44. Nf2 {[%emt 0:00:45]} f5 {[%emt 0:00:14]} 45. Nd3 {[%emt 0:00:56]} Re8 {[%emt 0:01:06]} 46. Kd2 {[%emt 0:00:26]} c5 {[%emt 0:00:49]} 47. dxc5 {[%emt 0:01:26]} bxc5 {[%emt 0:00:07]} 48. Bxc5 {[%emt 0:01:04]} Rxb3 {[%emt 0:00:27]} 49. Rhh1 {[%emt 0:00:10]} Nc6 {[%emt 0:01:11]} 50. Bd6 {[%emt 0:00:05]} d4 {[%emt 0:02:10]} 51. Rhe1 {[%emt 0:01:05]} dxe3+ {[%emt 0:01:45]} 52. Rxe3 {[%emt 0:00:01]} Ncd4 {[%emt 0:00:33]} 53. Be5 {[%emt 0:00:58]} Nf3+ {[%emt 0:01:42]} 54. Ke2 {[%emt 0:00:29]} Rd8 {[%emt 0:02:30]} 55. Bf6 {[%emt 0:00:17]} Rd6 {[%emt 0:01:48]} 56. Rc8+ {[%emt 0:00:33]} Ka7 {[%emt 0:00:54]} 57. Re8 {[%emt 0:00:13]} Ned4+ {[%emt 0:01:51]} 58. Bxd4+ {[%emt 0:00:09]} Nxd4+ {[%emt 0:00:34]} 59. Kf2 {[%emt 0:01:09]} Nc6 {[%emt 0:00:53]} 60. Ne1 {[%emt 0:00:11]} Rb2+ {[%emt 0:03:39]} 61. Re2 {[%emt 0:00:57]} Rxe2+ {[%emt 0:00:07]} 62. Kxe2 {[%emt 0:00:27]} Re6+ {[%emt 0:01:06]} 63. Rxe6 {[%emt 0:00:01]} Nd4+ {[%emt 0:00:01]} 64. Kd3 {[%emt 0:01:00]} Nxe6 {[%emt 0:00:01]} 65. Ng2 {[%emt 0:00:23]} Nc5+ {[%emt 0:00:29]} 66. Kd4 {[%emt 0:00:44]} Ne4 {[%emt 0:00:04]} 67. Ke5 {[%emt 0:00:29]} Nxg3 {[%emt 0:00:05]} 68. Kf6 {[%emt 0:00:12]} Nxh5+ {[%emt 0:01:16]} 69. Kxf5 {[%emt 0:00:19]} g3 {[%emt 0:04:36]} 70. Kg6 {[%emt 0:01:03]} Nxf4+ {[%emt 0:00:28]} 71. Nxf4 {[%emt 0:00:02]} Kb6 {[%emt 0:00:09]} 72. Kh5 {[%emt 0:00:24]} Kc5 {[%emt 0:00:02]} 73. Kg4 {[%emt 0:00:07]} Kb4 {[%emt 0:00:04]} 74. Kxg3 {[%emt 0:00:46]} Kxa4 {[%emt 0:00:03]} 75. Nd5 {[%emt 0:01:04]} Kb3 {[%emt 0:00:15]} 76. Nb6 {[%emt 0:00:07]} Kb4 {[%emt 0:00:11]} 77. Kh4 {[%emt 0:00:47]} Kb5 {[%emt 0:00:13]} 78. Nd5 {[%emt 0:00:04]} Kc5 {[%emt 0:00:17]} 79. Nc3 {[%emt 0:00:05]} Kc4 {[%emt 0:00:32]} 80. Na4 {[%emt 0:00:07]} Kb5 {[%emt 0:00:36]} 81. Nc3+ {[%emt 0:00:07]} Kb4 {[%emt 0:00:11]} 82. Nd5+ {[%emt 0:00:06]} Kb3 {[%emt 0:00:06]} 83. Nb6 {[%emt 0:00:05]} a4 {[%emt 0:00:09]} 84. Nxa4 {[%emt 0:00:14]} Kxa4 {[%emt 0:00:10]} 85. Kh5 {[%emt 0:00:03]} Kb3 {[%emt 0:00:09]} 86. Kxh6 {[%emt 0:00:05]} 1/2-1/2

[Event "1st Gujarat GM Open 2018"]
[Site "Ahmedabad"]
[Date "2018.10.07"]
[Round "3"]
[White "Gomes, Mary Ann"]
[Black "Malakhatko, Vadim"]
[Result "0-1"]
[WhiteElo "2302"]
[BlackElo "2552"]
[Annotator "TA"]
[PlyCount "118"]
[EventDate "2018.10.05"]
[EventType "swiss"]
[EventCountry "IND"]
[SourceTitle "playchess.com"]
[Source "ChessBase"]
[SourceQuality "1"]

{[%evp 13,118,18,27,18,15,7,17,-5,-8,-28,14,6,23,-19,-24,-106,-104,-112,-83,-116,-56,-148,-147,-156,-144,-192,-198,-188,-179,-218,-202,-186,-192,-206,-217,-244,-204,-315,-212,-259,-206,-198,-196,-187,-195,-190,-189,-252,-258,-262,-281,-261,-258,-241,-192,-195,-196,-220,-159,-228,-240,-234,-203,-206,-203,-252,-239,-323,-247,-232,-222,-224,-208,-230,-199,-198,-185,-157,-150,-334,-380,-576,-609,-864,-820,-867,-703,-265,-635,-608,-506,-1289,-1154,-1992,-1607,-6498,-6502,-7352,-4152,-1337,-825,-29972,-29971,-29975,-29976,-29975,-29976]} 1. Nf3 Nf6 2. g3 b5 3. Na3 c6 (3... a6 4. b3 e6 5. c4 bxc4 6. bxc4 c5 7. Bg2 Bb7 8. Rb1 Bc6 9. O-O Be7 10. d3 O-O 11. Nc2 {½-½ (91) Duda,J (2717)-Georgiev,K (2623) Riadh 2017}) 4. c4 a6 5. Bg2 e6 6. b3 {A05: Réti Opening: 1 Nf3 Nf6} d5 7. O-O Bb7 {LiveBook: 10 Games} 8. Bb2 {White has an edge.} Nbd7 9. d3 Be7 10. Nc2 (10. e4 $5) 10... O-O 11. Qe1 $146 ({Predecessor:} 11. Qd2) 11... c5 12. cxd5 exd5 {[%cal Be6d5,Bd5e4][%mdl 32]} 13. e4 dxe4 14. Nh4 (14. Nd2 $11) 14... Re8 $1 $17 15. Ne3 Qc7 16. Qc3 Bd6 (16... exd3 $17 17. Bxb7 Qxb7 18. Qxd3 Ne4) 17. Rac1 (17. Nhf5 $15) 17... exd3 {Hoping for ...Bxg2.} 18. Qxd3 Bxg2 19. Nhxg2 Be5 {[%cal Bd6e5,Be5d4,Bd4f6][%mdl 32]} 20. Ba3 Rac8 21. Nd5 Qb7 22. Rcd1 Bd4 23. Nxf6+ Nxf6 ({But not} 23... gxf6 24. Nh4 $17) 24. Nh4 Ne4 25. Nf3 (25. Bc1 $142) 25... Bf6 26. Rfe1 h6 27. Qd5 Qxd5 28. Rxd5 b4 29. Bc1 c4 {Threatens to win with ...Nc3.} 30. bxc4 (30. Kg2 {was called for.}) 30... Nc3 $19 ({Don't play} 30... Rxc4 31. Nd2 $17) 31. Rd2 Rxe1+ 32. Nxe1 Rxc4 33. Rc2 a5 34. Bb2 Rc5 35. Kg2 Ne4 36. Bxf6 (36. Rxc5 $17 Nxc5 37. Bxf6 gxf6 38. Kf3) 36... Rxc2 ({Don't take} 36... gxf6 37. Rb2 $17) 37. Nxc2 {Black must now prevent Bd8.} Nxf6 $17 {[%mdl 4096] Endgame KN-KN} 38. Kf3 Nd5 $1 39. Nd4 a4 40. Nc2 b3 41. axb3 axb3 42. Na3 b2 43. Nb1 f5 44. Ke2 Kf7 45. Kd3 Ke6 46. Nd2 $2 {[#]} (46. Kc2 $17) 46... Nf6 $1 $19 47. f3 (47. Kc2 {was forced.} Ng4 48. Kxb2) 47... Kd5 48. Kc3 g5 49. Kxb2 {[#]} Kd4 $1 50. Kc2 Ke3 51. Kd1 Kf2 52. Nc4 (52. Nb3 $142 Kxf3 53. Nd4+ Ke4 54. Nb5) 52... Kxf3 53. Ke1 Ng4 54. Nd6 f4 55. gxf4 gxf4 {[%cal Bg5f4,Bf4f3][%mdl 32]} 56. Nf5 Kg2 57. h3 Ne5 {Black mates.} 58. h4 f3 59. Ne3+ Kg1 {Precision: White = 35%, Black = 79%.} 0-1